Akreditácia, certifikácia a audit
Gespeichert in:
| 1. Verfasser: | |
|---|---|
| Format: | Buch |
| Sprache: | Slowakisch |
| Veröffentlicht: |
Nitra
Vydavateľstvo SPU
2011
|
| Schlagworte: | |
| Tags: |
Keine Tags, Fügen Sie das erste Tag hinzu!
|
MARC
| LEADER | 00000nam a2200000 4500 | ||
|---|---|---|---|
| 001 | 0231081 | ||
| 005 | 20230120083549.5 | ||
| 020 | |a 978-80-552-0627-1 | ||
| 041 | 0 | |a slo | |
| 044 | |a SK | ||
| 245 | 1 | 0 | |a Akreditácia, certifikácia a audit |c Jozef Bajla |
| 264 | 1 | |a Nitra |b Vydavateľstvo SPU |c 2011 | |
| 300 | |a 177 s. | ||
| 610 | 2 | 0 | |a obchod medzinárodný |
| 610 | 2 | 0 | |a pohyb tovaru |
| 610 | 2 | 0 | |a výrobky |
| 610 | 2 | 0 | |a služby |
| 610 | 2 | 0 | |a pohyb síl pracovných |
| 610 | 2 | 0 | |a pohyb kapitálu |
| 610 | 2 | 0 | |a integrácia ekonomická medzinárodná |
| 610 | 2 | 0 | |a trh spoločný |
| 610 | 2 | 0 | |a požiadavky na výrobky |
| 610 | 2 | 0 | |a harmonizácia |
| 610 | 2 | 0 | |a predpisy |
| 610 | 2 | 0 | |a smernice |
| 610 | 2 | 0 | |a normy technické |
| 610 | 2 | 0 | |a legislatíva |
| 610 | 2 | 0 | |a kvalita výrobkov |
| 610 | 2 | 0 | |a bariéry obchodu zahraničného |
| 610 | 2 | 0 | |a certifikácia |
| 610 | 2 | 0 | |a ochrana spotrebiteľa |
| 610 | 2 | 0 | |a akreditácia |
| 610 | 2 | 0 | |a notifikácia |
| 610 | 2 | 0 | |a audit |
| 610 | 2 | 0 | |a Slovensko |
| 610 | 2 | 0 | |a Európska únia |
| 100 | 1 | |a Bajla, Jozef | |